Cuentos para niños / (Registro nro. 7250)

Detalles MARC
000 -LIDER
fixed length control field 00997nam a2200253 a 4500
001 - NÚMERO DE CONTROL
Identificador de número de control 000044389
003 - IDENTIFICACDOR DE NÚMERO DE CONTROL
control field DO-SdBNP
005 - DATE AND TIME OF LATEST TRANSACTION
control field 20171019100835.0
007 - CAMPOS FIJOS DE DESCRIPCIÓN FÍSICA
fixed length control field 000044389
008 - ELEMENTOS DE LONGITUD FIJA
fixed length control field 140626s2010 dr a 000 0 spa d
020 ## - ISBN
International Standard Book Number 9789945863314
040 ## - FUENTE DE CATALOGACIÓN
Agencia que crea de manera original el registro BPMSU
Idioma de catalogación spa
Agencia que realiza la transcripción BPMSU
092 ## - LOCALLY ASSIGNED DEWEY DECIMAL CALL NUMBER
Número de clasificación xxxx
Número de ítem (Cutter) xxxx
100 1# - ASIENTO PRINCIPAL -- NOMBRE PERSONAL
Nombre personal Tolstói, León,
Fechas asociadas con el nombre 1928-1910
245 10 - MENCIÓN DE TITULO
Título Cuentos para niños /
Mención de responsabilidad León Tolstói ; editado Salomé Frías ; diagramación Emilio Pérez.
260 ## - PUBLICACIÓN, DISTRIBUCIÓN, ETC. (PIE DE IMPRENTA)
Lugar de publicación, distribución, etc Santo Domingo :
Nombre del editor, distribuidor, etc. karabú,
Fecha de publicación, distribución, etc 2010.
300 ## - DESCRIPCIÓN FÍSICA
Extensión 39 p. :
Otros detalles físicos il. ;
Dimensiones 27 cm.
500 ## - NOTA GENERAL
Nota general Título en la portada
505 0# - NOTA DE CONTENIDO
Título El gatito --
-- La niña y las setas --
-- El hueso de la ciruela --
-- El pajarito --
-- El embustero --
-- Dos camaradas --
-- Los cisnes --
-- El elefante --
-- El gorrión y la golondrina --
-- El águila --
-- El tiburón --
-- El salto --
-- El león y el perrito --
700 12 - ASIENTO SECUNDARIO -- NOMBRE PERSONAL
Nombre personal Frías, Salomé
Mención de responsabilidad ed.
942 ## - ADDED ENTRY ELEMENTS (KOHA)
Source of classification or shelving scheme Dewey Decimal Classification
Koha item type Libros
945 ## - INFORMACIÓN DE PROCESAMIENTO LOCAL
Información de procesamiento local Inventariado infantil / 2017 VM
956 ## - LOCAL ELECTRONIC LOCATION AND ACCESS (OCLC)
Nombre de host VMATEO
Número de acceso 10
Información de compresión 20150922
Inicio de sesión BPMSU
Procesador de solicitud 0069
Existencias
Withdrawn status Lost status Source of classification or shelving scheme Damaged status Not for loan Collection code Home library Current library Date acquired Total Checkouts Barcode Date last seen Copy number Price effective from Koha item type
    Dewey Decimal Classification       Biblioteca Pública Metropolitana Salomé Ureña Biblioteca Pública Metropolitana Salomé Ureña 01/28/2015   BPMET15040813 01/28/2015 1 ej. 01/28/2015 Libros